Es difícil
Salvato in:
| Autore principale: | |
|---|---|
| Natura: | Libro |
| Lingua: | spagnolo |
| Pubblicazione: |
Barcelona
Actar
1998
|
| Soggetti: | |
| Tags: |
Aggiungi Tag
Nessun Tag, puoi essere il primo ad aggiungerne!!
|
MARC
| LEADER | 00000nam a2200000 a 4500 | ||
|---|---|---|---|
| 001 | UCJ9576 | ||
| 003 | CL-VaPUC | ||
| 008 | 070323e19980000SP |||||||||||||||||spa|d | ||
| 020 | |a 8489698694 | ||
| 082 | 0 | 4 | |a 770.232 |b JAA |2 21 |
| 100 | |a Jaar, Alfredo |e author |9 587198 | ||
| 245 | 1 | 0 | |a Es difícil |
| 300 | |a Pág. irreg | ||
| 942 | |c BK | ||
| 945 | |d 20070323 00:00:00 |a cmena | ||
| 260 | |a Barcelona |b Actar |c 1998 | ||
| 650 | 0 | |a Fotografías |9 268494 | |
| 650 | 7 | |a EXPOSICIONES ARTISTICAS |2 CL-VaPUC |9 519576 | |
| 650 | 0 | |a Artes gráficas |9 265865 | |
| 583 | |a last modification |c 20070323 00:00:00 |k Rodrigo Vera | ||
| 999 | |c 325034 |d 325032 | ||
| 952 | |0 0 |1 0 |4 0 |6 770_232000000000000_JAA_1998 |7 0 |8 R |9 405477 |a BIBART |b BIBART |d 2019-11-22 |i 4308549 |l 3 |o 770.232 JAA 1998 |p 4308549 |r 2025-03-13 |s 2023-10-23 |w 2019-11-22 |y BK_R |k ART | ||